Gulakiyo rajniti (Major10)/ (Record no. 12243)

MARC details
000 -LEADER
fixed length control field 00556nam a22002057a 4500
005 - DATE AND TIME OF LATEST TRANSACTION
control field 20250909101220.0
008 - FIXED-LENGTH DATA ELEMENTS--GENERAL INFORMATION
fixed length control field 250909b |||||||| |||| 00| 0 eng d
020 ## - INTERNATIONAL STANDARD BOOK NUMBER
International Standard Book Number 9789358492019
040 ## - CATALOGING SOURCE
Original cataloging agency IN-DiNC
Transcribing agency IN-DiNC
041 ## - LANGUAGE CODE
Language code of sung or spoken text Assamese
082 ## - DEWEY DECIMAL CLASSIFICATION NUMBER
Classification number 327.1
Item number DAS
100 ## - MAIN ENTRY--PERSONAL NAME
Personal name Das, Deepan
Relator term Author
245 ## - TITLE STATEMENT
Title Gulakiyo rajniti (Major10)/
Statement of responsibility, etc. by Deepan Das and Baikuntha Das
250 ## - EDITION STATEMENT
Edition statement 1st ed.
260 ## - PUBLICATION, DISTRIBUTION, ETC.
Place of publication, distribution, etc. Dibrugarh:
Name of publisher, distributor, etc. Banalata,
Date of publication, distribution, etc. 2025.
300 ## - PHYSICAL DESCRIPTION
Extent 231p.
650 ## - SUBJECT ADDED ENTRY--TOPICAL TERM
Topical term or geographic name entry element Global politics (Major10)
700 ## - ADDED ENTRY--PERSONAL NAME
Personal name Das, Baikuntha
Relator term Author
942 ## - ADDED ENTRY ELEMENTS (KOHA)
Source of classification or shelving scheme Dewey Decimal Classification
Koha item type Books
Holdings
Withdrawn status Lost status Source of classification or shelving scheme Damaged status Not for loan Collection code Home library Current library Shelving location Date acquired Cost, normal purchase price Total Checkouts Full call number Barcode Date last seen Date last checked out Copy number Price effective from Koha item type
    Dewey Decimal Classification     Political Science Naharkatiya College Central Library Naharkatiya College Central Library General Stacks 09/09/2025 200.00 1 327.1 DAS 31067 13/11/2025 10/09/2025 1 09/09/2025 Books
    Dewey Decimal Classification     Political Science Naharkatiya College Central Library Naharkatiya College Central Library General Stacks 09/09/2025 200.00 1 327.1 DAS 31068 13/11/2025 11/09/2025 2 09/09/2025 Books
    Dewey Decimal Classification     Political Science Naharkatiya College Central Library Naharkatiya College Central Library General Stacks 09/09/2025 200.00 1 327.1 DAS 31069 15/09/2025 10/09/2025 3 09/09/2025 Books

Naharkatiya College © 2020. All rights reserved.

Powered By